| 000 | 003850000a22001570004500 | ||
|---|---|---|---|
| 003 | MACL | ||
| 005 | 20160102132756.0 | ||
| 008 | 160102b xxu||||| |||| 00| 0 eng d | ||
| 040 |
_aMACL _cMACL |
||
| 041 | _aEnglish | ||
| 100 |
_aRussell, Harold _927074 |
||
| 245 | _aThe Flea | ||
| 260 |
_bCambridge Uneversity Press _c1913 |
||
| 650 |
_aAnimal _927075 |
||
| 942 |
_cBK _k595.75/RUS _2ddc |
||
| 999 |
_c38214 _d38214 |
||